<?xml version="1.0" encoding="UTF-8"?><?xml-stylesheet type="text/xsl" href="static/style.xsl"?><OAI-PMH xmlns="http://www.openarchives.org/OAI/2.0/" xmlns:xsi="http://www.w3.org/2001/XMLSchema-instance" xsi:schemaLocation="http://www.openarchives.org/OAI/2.0/ http://www.openarchives.org/OAI/2.0/OAI-PMH.xsd"><responseDate>2026-04-14T15:14:23Z</responseDate><request verb="GetRecord" identifier="oai:uvadoc.uva.es:10324/66176" metadataPrefix="marc">https://uvadoc.uva.es/oai/request</request><GetRecord><record><header><identifier>oai:uvadoc.uva.es:10324/66176</identifier><datestamp>2025-02-05T12:06:54Z</datestamp><setSpec>com_10324_1164</setSpec><setSpec>com_10324_931</setSpec><setSpec>com_10324_894</setSpec><setSpec>col_10324_1947</setSpec></header><metadata><record xmlns="http://www.loc.gov/MARC21/slim" xmlns:doc="http://www.lyncode.com/xoai" xmlns:xsi="http://www.w3.org/2001/XMLSchema-instance" xmlns:dcterms="http://purl.org/dc/terms/" xsi:schemaLocation="http://www.loc.gov/MARC21/slim http://www.loc.gov/standards/marcxml/schema/MARC21slim.xsd">
<leader>00925njm 22002777a 4500</leader>
<datafield tag="042" ind1=" " ind2=" ">
<subfield code="a">dc</subfield>
</datafield>
<datafield tag="720" ind1=" " ind2=" ">
<subfield code="a">Palomares Ibañez, Jesús María</subfield>
<subfield code="e">author</subfield>
</datafield>
<datafield tag="720" ind1=" " ind2=" ">
<subfield code="a">Rodríguez Serrador, Sofía</subfield>
<subfield code="e">author</subfield>
</datafield>
<datafield tag="260" ind1=" " ind2=" ">
<subfield code="c">2013</subfield>
</datafield>
<datafield tag="520" ind1=" " ind2=" ">
<subfield code="a">Un año antes de que la Jefatura del Estado promulgase la Ley de ordenación de la Universidad española (1943), varias disposiciones del Ministerio de Educación Nacional anticiparon la restauración / refundación de los Colegios Mayores. A pesar del lastre que suponía invocar a la «Universidad Imperial», la diversidad de promotores -Universidad, FET-JONS, cor- poraciones públicas yprivadas- posibilitó que, sin eludir el control ministerial (legislación vigente) naciese un haz de centros cuya identidad aireaban sus Estatutos. En sus albores, primaron los colegios masculi- nos sobre los femeninos, ambos insuficientes.&#xd;
Una experiencia educativa universitaria acumulada desde 1933 respaldó el paso de la Residencia Universitaria femenina, instaurada en aquella fecha en Valladolid por al Institución Teresiana, para obtener al categoría oficial de Colegio Mayor, con Estatutos propios y su nombre: «María de Molina».&#xd;
Nacía así, dentro de la Universidad de Valladolid, el primer Colegio Mayor femenino, para compartir la tarea educativa universitaria junto con el CM «Felipe I» /«Santa Cruz». Una institución pionera cuya identidad y prestigio permanecen hoy. De us historia ofrecemos ahora los rasgos básicos definidores del «María de Molina»: desde us «prehistoria» como Residencia, nacimiento y desarollo del Colegio Mayor hasta comenzar al transición democrática.</subfield>
</datafield>
<datafield tag="024" ind2=" " ind1="8">
<subfield code="a">978-84-8448-762-3</subfield>
</datafield>
<datafield tag="024" ind2=" " ind1="8">
<subfield code="a">https://uvadoc.uva.es/handle/10324/66176</subfield>
</datafield>
<datafield tag="245" ind1="0" ind2="0">
<subfield code="a">EL colegio Mayor "María De Molina" (1931-1975). Por una educación universitaria integral</subfield>
</datafield>
</record></metadata></record></GetRecord></OAI-PMH>